000
00318nam a2200133Ia 4500
005
20251222143128.0
008
251222s9999||||xx |||||||||||||| ||spa||
020
_a
84-283-2439-5
082
_a
618.97/H67
100
_a
Hogstel, Mildred O.
245
0
_a
EnfermerÃa Geriátrica:
264
_b
Paraninfo
942
_c
LIB
999
_c
11827
_d
11827